Top 15 Countries with Covid-19 Cases - 13 May 2021 - Statistics

General Stats
  • This quiz has been taken 33 times
  • The average score is 14 of 28
Answer Stats
country % Correct
United States
97%
Spain
91%
United Kingdom
91%
Germany
88%
Russia
88%
Italy
81%
Brazil
78%
France
78%
India
75%
Mexico
75%
Portugal
66%
Poland
59%
Argentina
56%
Netherlands
50%
Sweden
47%
Turkey
44%
Belgium
41%
Colombia
38%
Czechia
34%
Iran
34%
Hungary
28%
Croatia
25%
Slovenia
22%
Lithuania
19%
Estonia
16%
Israel
13%
Panama
9%
Bahrain
6%
No matching quizzes found
Score Distribution
Percent of People with Each Score
Percentile by Number Answered
Your Score History
You have not taken this quiz